| 000 | 00484nam a2200181Ia 4500 | ||
|---|---|---|---|
| 005 | 20250326123932.0 | ||
| 008 | 250326s9999 xx 000 0 und d | ||
| 037 | _aTextbook | ||
| 040 |
_aFMSL _beng _cFMSL |
||
| 041 |
_aeng _2eng |
||
| 084 |
_aT:3(X:8) L0;1 _qFMSL |
||
| 100 | _aRapoport R N | ||
| 245 | 0 |
_aMid - career development _cRapoport R N |
|
| 260 |
_aNY _bNY, Tavistock _c1970 |
||
| 300 | _a290p | ||
| 942 |
_cTB _hT:3(X:8) L0;1 |
||
| 999 |
_c1271551 _d1271551 |
||